भक्ति-आन्दोलन का अध्ययन / (Record no. 120870)
[ view plain ]
| 000 -LEADER | |
|---|---|
| fixed length control field | 00956nam a22002417a 4500 |
| 005 - DATE AND TIME OF LATEST TRANSACTION | |
| control field | 20170124103204.0 |
| 010 ## - LIBRARY OF CONGRESS CONTROL NUMBER | |
| LC control number | 420409 |
| 020 ## - INTERNATIONAL STANDARD BOOK NUMBER | |
| Terms of availability | 00.00 |
| 035 ## - SYSTEM CONTROL NUMBER | |
| System control number | 420409 |
| 037 ## - SOURCE OF ACQUISITION | |
| Source of stock number/acquisition | Cen Lib/Ret |
| 040 ## - CATALOGING SOURCE | |
| Original cataloging agency | DPL |
| Language of cataloging | HN |
| 082 ## - DEWEY DECIMAL CLASSIFICATION NUMBER | |
| Classification number | 230.4 |
| Item number | रतिभा |
| 100 ## - MAIN ENTRY--PERSONAL NAME | |
| Personal name | रतिभानु सिंह नाहर |
| 9 (RLIN) | 93082 |
| 245 ## - TITLE STATEMENT | |
| Title | भक्ति-आन्दोलन का अध्ययन / |
| Statement of responsibility, etc | रतिभानु सिंह नाहर |
| 246 ## - VARYING FORM OF TITLE | |
| Title proper/short title | Bhakti-andolan ka adhyyan / |
| Remainder of title | by Ratibhanu Singh Nahar |
| 260 ## - PUBLICATION, DISTRIBUTION, ETC. (IMPRINT) | |
| Place of publication, distribution, etc | इलाहाबाद |
| Name of publisher, distributor, etc | किताब महल |
| 300 ## - PHYSICAL DESCRIPTION | |
| Extent | 368पृ. |
| Dimensions | 21सेमी(सजिल्द) |
| 650 ## - SUBJECT ADDED ENTRY--TOPICAL TERM | |
| Topical term or geographic name as entry element | भक्ति-आन्दोलन--विकास |
| 9 (RLIN) | 93083 |
| 650 ## - SUBJECT ADDED ENTRY--TOPICAL TERM | |
| Topical term or geographic name as entry element | उत्तर वैदिक काल |
| 9 (RLIN) | 42869 |
| 650 ## - SUBJECT ADDED ENTRY--TOPICAL TERM | |
| Topical term or geographic name as entry element | Bhakti movement--Development |
| 9 (RLIN) | 93084 |
| 650 ## - SUBJECT ADDED ENTRY--TOPICAL TERM | |
| Topical term or geographic name as entry element | Vedic Period |
| 9 (RLIN) | 13561 |
| 942 ## - ADDED ENTRY ELEMENTS (KOHA) | |
| Source of classification or shelving scheme | Dewey Decimal Classification |
| Koha item type | Hindi Books |
| Classification part | 230.4 |
| Call number suffix | रतिभा |
| Withdrawn status | Lost status | Damaged status | Not for loan | Home library | Current library | Date acquired | Source of acquisition | Cost, normal purchase price | Total Checkouts | Full call number | Barcode | Date last seen | Copy number | Cost, replacement price | Price effective from | Koha item type |
|---|---|---|---|---|---|---|---|---|---|---|---|---|---|---|---|---|
| Central Library | Central Library | 29/09/2015 | Cen Lib/Ret | 0.00 | 230.4 रतिभा | 420409 | 29/09/2015 | 1 | 0.00 | 29/09/2015 | Hindi Books |
